<?xml version="1.0" encoding="UTF-8"?>
<marc:record xmlns:marc="http://www.loc.gov/MARC21/slim">
   <marc:leader>00000nam a2200000 a 4500</marc:leader>
   <marc:datafield ind1="1" ind2=" " tag="100">
      <marc:subfield code="a">Perera, Jonathan</marc:subfield>
   </marc:datafield>
   <marc:datafield ind1="1" ind2=" " tag="100">
      <marc:subfield code="a">Mbatha-Raw, Gugu</marc:subfield>
   </marc:datafield>
   <marc:datafield ind1="1" ind2=" " tag="100">
      <marc:subfield code="a">Strong, Mark</marc:subfield>
   </marc:datafield>
   <marc:datafield ind1="1" ind2=" " tag="100">
      <marc:subfield code="a">Chastain, Jessica</marc:subfield>
   </marc:datafield>
   <marc:datafield ind1="1" ind2=" " tag="100">
      <marc:subfield code="a">Madden, John</marc:subfield>
   </marc:datafield>
   <marc:datafield ind1="0" ind2="0" tag="245">
      <marc:subfield code="a">Die Erfindung der Wahrheit</marc:subfield>
   </marc:datafield>
   <marc:datafield ind1="0" ind2="0" tag="245">
      <marc:subfield code="c">Regie: John Madden ; Cast: Jessica Chastain, Mark Strong, Gugu Mbatha-Raw [und weitere]</marc:subfield>
   </marc:datafield>
   <marc:datafield ind1=" " ind2="1" tag="264">
      <marc:subfield code="c">2017</marc:subfield>
   </marc:datafield>
   <marc:datafield ind1="1" ind2=" " tag="520">
      <marc:subfield code="a">In Washington, wo politische Einflussnahme hinter den Kulissen ein lukratives Geschäft ist, ist Elizabeth Sloane (Jessica Chastain) der Star der Branche. Die brillante, selbstsichere und völlig skrupellose Lobbyistin der alteingesessenen Kanzlei George Dupont ist berüchtigt für ihr einzigartiges Talent, ihre Rücksichtslosigkeit und ihre zahllosen Erfolge. Um ans Ziel zu kommen, tut sie alles. Für die mächtige Waffenlobby ist sie die Frau der Stunde, um ein neues unliebsames Waffengesetz zu verhindern. Doch Sloane verfolgt ihre eigenen Ziele und wechselt nach einem Streit mit Dupont überraschend die Seiten. Die Waffenlobby sieht sich plötzlich einer unberechenbaren Gegnerin gegenüber. Sloane nimmt den härtesten Kampf ihrer Karriere in Angriff und beginnt zu ahnen, dass der Preis für den Erfolg etwas zu hoch sein könnte</marc:subfield>
   </marc:datafield>
   <marc:datafield ind1="3" ind2=" " tag="024">
      <marc:subfield code="a">889854216290</marc:subfield>
   </marc:datafield>
   <marc:datafield ind1=" " ind2=" " tag="500">
      <marc:subfield code="a">Spielfilm. USA/Frankreich. 2016</marc:subfield>
   </marc:datafield>
   <marc:datafield ind1="0" ind2=" " tag="490">
      <marc:subfield code="v">0</marc:subfield>
   </marc:datafield>
   <marc:datafield ind1=" " ind2=" " tag="300">
      <marc:subfield code="a">1 DVD-Video (circa 128 min) : farbig, PAL, Bild: 2,40:1 (16:9), Region 2, Dolby Digital 5.1</marc:subfield>
   </marc:datafield>
</marc:record>
